<?xml version="1.0" encoding="UTF-8"?>
<collection xmlns="http://www.loc.gov/MARC21/slim">
 <record>
  <leader>     na                 </leader>
  <controlfield tag="001">INLIS000000000021529</controlfield>
  <controlfield tag="005">20230717105616</controlfield>
  <datafield tag="035" ind1=" " ind2=" ">
   <subfield code="a">0010-0723000095</subfield>
  </datafield>
  <controlfield tag="007">ta</controlfield>
  <controlfield tag="008">230717                g          0 ind  </controlfield>
  <datafield tag="020" ind1=" " ind2=" ">
   <subfield code="a">978-623-240-072-6</subfield>
  </datafield>
  <datafield tag="082" ind1=" " ind2=" ">
   <subfield code="a">005.13</subfield>
  </datafield>
  <datafield tag="084" ind1=" " ind2=" ">
   <subfield code="a">005.13 BUD b</subfield>
  </datafield>
  <datafield tag="100" ind1="0" ind2=" ">
   <subfield code="a">Budi Aribowo</subfield>
   <subfield code="e">Pengarang</subfield>
  </datafield>
  <datafield tag="245" ind1="1" ind2=" ">
   <subfield code="a">Belajar Python dari Nol Via Jupyter Notebook</subfield>
  </datafield>
  <datafield tag="250" ind1=" " ind2=" ">
   <subfield code="a">Cetakan 1</subfield>
  </datafield>
  <datafield tag="300" ind1=" " ind2=" ">
   <subfield code="a">vii + 58 Halaman :</subfield>
   <subfield code="b">Ilustrasi ;</subfield>
   <subfield code="c">25 cm</subfield>
  </datafield>
  <datafield tag="650" ind1=" " ind2="4">
   <subfield code="a">Bahasa Pemrograman (Komputer)</subfield>
  </datafield>
  <datafield tag="504" ind1=" " ind2=" ">
   <subfield code="a">58 halaman</subfield>
  </datafield>
  <datafield tag="505" ind1=" " ind2=" ">
   <subfield code="a">1. Python dan Jupyter Notebook&#13;
2. Berkenalan dengan Perintah Dasar Python&#13;
3. Keywords, Identifier dan Built-In Function&#13;
4. Tipe Data dalam Python&#13;
5. List&#13;
6. Tuple&#13;
7. Set&#13;
8. Dictionary&#13;
9. Percabangan (Kondisional)&#13;
10. Pengulangan While&#13;
11. Pengulangan For&#13;
12. Pertanyaan Terbbuka&#13;
13. Fungsi (Def)&#13;
14. Pemrograman Berorientasi Objek&#13;
15. Python Inheritance&#13;
16. Fungsi Iterator&#13;
17. Moduls dan Packages&#13;
18. Array&#13;
19. Menentukan Working Directory&#13;
20. Menyimpan dan Memanggil Code Source</subfield>
  </datafield>
  <datafield tag="520" ind1=" " ind2=" ">
   <subfield code="a">Bahasa Pemrograman Python termasuk high level programming, artinya bahasa pemrograman ini termasuk bahasa yang relatif mudah dipelajari oleh manusia. Disamping sisi kemudahan untuk dipelajari, ada beberapa kelebihan lain dari bahasa Python yaitu bahasa ini bersifat multi-paradigm, mendukung konsep object oriented programming, serta didukung oleh banyaknya modul dan paket scientific yang dibuat oleh banyak komunitas. Dengan hal tersebut memberikan fleksibilitas yang cukup tinggi bagi programmer baik pemula ataupun mahir untuk berkreasi membuat suatu program yang utuh dengan cara yang sederhana.&#13;
&#13;
Buku Belajar Python Dari Nol via Jupyter Notebook ini benar-benar disusun bagi pemula yang baru memulai belajar pemrograman, dari belajar penulisan perintah &quot;Hello World&quot;, operasi matematika sederhana hingga belajar konsep sequencing, branching dan looping dalam pemrpgraman, termasuk di dalamnya bagaimana menerapkan konsep object oriented programming dalam Python dengan perintah function definition ataupun class.&#13;
Pemilihan Jupyter NOtebook sebagai code editor yang digunakan buku ini tentunya bukan tanpa alasan. Salah satu sebabnya adalah perkembangan keilmuan Data Science yang cukup masif beberapa dekade belakangan ini, terutama bagaimana penggunaan Python dalam aplikasi machine learning. Secara empiris telah terbukti bahwa Jupyter Notebook cukup banyak digunakan oleh para akademisi, praktisi ataupun pemerhati di banyak bidang data science seperti Data Mining, Artificial Intelligent, Image Progcessing dan lainnya.</subfield>
  </datafield>
  <datafield tag="264" ind1=" " ind2=" ">
   <subfield code="a">Yogyakarta :</subfield>
   <subfield code="b">Diandra Kreatif,</subfield>
   <subfield code="c">2021</subfield>
  </datafield>
  <datafield tag="336" ind1=" " ind2=" ">
   <subfield code="2">rdacontent</subfield>
   <subfield code="a">Teks</subfield>
  </datafield>
  <datafield tag="337" ind1=" " ind2=" ">
   <subfield code="2">rdamedia</subfield>
   <subfield code="a">Tanpa Perantara</subfield>
  </datafield>
  <datafield tag="338" ind1=" " ind2=" ">
   <subfield code="2">rdacarrier</subfield>
   <subfield code="a">Lembar</subfield>
  </datafield>
  <datafield tag="990" ind1=" " ind2=" ">
   <subfield code="a">075887</subfield>
  </datafield>
  <datafield tag="990" ind1=" " ind2=" ">
   <subfield code="a">075888</subfield>
  </datafield>
 </record>
</collection>
